书目信息 |
| 题名: |
病理学与病理生理学
|
|
| 作者: | 陈命家 , 易慧智 主编 | |
| 分册: | ||
| 出版信息: | 北京 人民卫生出版社 2016 |
|
| 页数: | 334页 | |
| 开本: | 26cm | |
| 丛书名: | ||
| 单 册: | ||
| 中图分类: | R36 , R363 | |
| 科图分类: | ||
| 主题词: | 病理学--高等职业教育--教材 , 病理生理学--高等职业教育--教材 | |
| 电子资源: | ||
| ISBN: | 978-7-117-22258-7 | |
| 000 | 01046nam0 2200265 450 | |
| 001 | 3594 | |
| 005 | 20181008093248.01 | |
| 010 | @a978-7-117-22258-7@dCNY69.00 | |
| 100 | @a20160826d2016 em y0chiy50 ea | |
| 101 | 0 | @achi |
| 102 | @aCN@b110000 | |
| 105 | @aa z 001yy | |
| 200 | 1 | @a病理学与病理生理学@9bing li xue yu bing li sheng li xue@f陈命家,易慧智主编 |
| 210 | @a北京@c人民卫生出版社@d2016 | |
| 215 | @a334页@c图@d26cm | |
| 300 | @a全国高职高专院校创新教材 供临床医学专业用 | |
| 330 | @a本书分为病理学和病理生理学两篇。病理学共12章,分总论和各论两部分,总论部分突出病理学基本理论、基本知识和基本技能,各论部分强调了临床病理联系,内容方面增加了近年来进展较快的内容;病理生理学共11章,第1章为疾病概论,第2-7章为基本病理过程,第8-11章为重要器官功能衰竭。 | |
| 606 | 0 | @a病理学@x高等职业教育@j教材 |
| 606 | 0 | @a病理生理学@x高等职业教育@j教材 |
| 690 | @aR36@v5 | |
| 690 | @aR363@v5 | |
| 701 | 0 | @a陈命家@9chen ming jia@4主编 |
| 701 | 0 | @a易慧智@9yi hui zhi@4主编 |
| 801 | 0 | @aCN@b91MARC@c20160826 |
| 905 | @aMuseLib@dR36@e313 | |
| 病理学与病理生理学/陈命家,易慧智主编.-北京:人民卫生出版社,2016 |
| 334页:图;26cm |
| 全国高职高专院校创新教材 供临床医学专业用 |
| ISBN 978-7-117-22258-7:CNY69.00 |
| 本书分为病理学和病理生理学两篇。病理学共12章,分总论和各论两部分,总论部分突出病理学基本理论、基本知识和基本技能,各论部分强调了临床病理联系,内容方面增加了近年来进展较快的内容;病理生理学共11章,第1章为疾病概论,第2-7章为基本病理过程,第8-11章为重要器官功能衰竭。 |
| ● |
| 相关链接 |
|
|
|
|
正题名:病理学与病理生理学
索取号:R36/313
 
预约/预借
| 序号 | 登录号 | 条形码 | 馆藏地/架位号 | 状态 | 备注 |
| 1 | 1122772 | 211227723 | 第二样本阅览室/ [索取号:R36/313] | 在馆 | |
| 2 | 1122773 | 211227732 | 第三借阅区/ [索取号:R36/313] | 在馆 | |
| 3 | 1122774 | 211227741 | 第三借阅区/ [索取号:R36/313] | 在馆 | |
| 4 | 1122775 | 211227750 | 第三借阅区/ [索取号:R36/313] | 在馆 | |
| 5 | 1122776 | 211227769 | 密集书库-生命科学系/ [索取号:R36/313] | 在馆 |